[Event "Hastings Masters"]
[Site "Hastings"]
[Date "2008.01.03"]
[Round "7.43"]
[White "Conde, Manuel"]
[Black "Raddatz, Michael"]
[Result "0-1"]
[WhiteElo "1791"]
[BlackElo "2037"]
[PlyCount "62"]
[EventDate "2007.12.28"]
[SourceDate "2007.12.28"]

1. c4 Nf6 2. Nc3 e6 3. Nf3 d5 4. cxd5 exd5 5. d4 c6 6. e3 Nbd7 7. Be2 Bd6 8.
Qc2 O-O 9. Bd2 Re8 10. a3 Ne4 11. Na2 Ndf6 12. h3 Bf5 13. Bd3 Rc8 14. b4 Qd7
15. Nc3 Bb8 16. Ng5 h6 17. Ngxe4 Nxe4 18. Bxe4 Bxe4 19. Nxe4 Rxe4 20. O-O-O b6
21. f3 Ree8 22. Kb1 c5 23. dxc5 bxc5 24. Qb3 Qf5+ 25. e4 dxe4 26. g4 Qg6 27. f4
e3+ 28. f5 Qc6 29. Bc3 cxb4 30. Bxb4 Qe4+ 31. Qd3 e2 0-1

[Event "Hastings Masters"]
[Site "Hastings"]
[Date "2008.01.03"]
[Round "7.44"]
[White "Garnett, John S"]
[Black "Auckland, Elliott"]
[Result "1-0"]
[WhiteElo "2032"]
[BlackElo "1910"]
[PlyCount "117"]
[EventDate "2007.12.28"]
[SourceDate "2007.12.28"]

1. d4 Nf6 2. Bg5 e6 3. e4 h6 4. Bxf6 Qxf6 5. Nc3 Bb4 6. Qd3 d6 7. a3 Ba5 8.
O-O-O O-O 9. Nh3 Nc6 10. f4 Rd8 11. Be2 Bb6 12. d5 exd5 13. Nxd5 Qh4 14. Ng1
Nd4 15. Nf3 Nxe2+ 16. Qxe2 Qg4 17. Rd3 Re8 18. h3 Qh5 19. Qe1 Qg6 20. Nd2 Bf5
21. Rg3 Qe6 22. Qf1 Bxe4 23. Nxe4 Kh8 24. Nxb6 axb6 25. Nc3 d5 26. Qd3 Rad8 27.
f5 Qe5 28. Rf3 d4 29. Nd1 c5 30. Nf2 Qd5 31. c4 dxc3 32. Qxc3 Qa2 33. Qc2 Rd4
34. Rd1 Qa1+ 35. Qb1 Rc4+ 36. Kd2 Rd4+ 37. Rd3 Qxb1 38. Rxb1 Rf4 39. Rf3 Rxf3
40. gxf3 Re5 41. f6 gxf6 42. Ng4 Rf5 43. Ke3 h5 44. Ke4 Rg5 45. Nxf6 Kg7 46.
Nd7 Rg3 47. Nxb6 Rxh3 48. Nd7 c4 49. Rg1+ Kh6 50. Ne5 Rh2 51. Nxc4 b5 52. Nd6
Rxb2 53. Nxf7+ Kh7 54. Rd1 h4 55. f4 Kg6 56. Ng5 Kh5 57. Kf5 Rb3 58. Rd7 Rxa3
59. Rh7# 1-0

[Event "Hastings Masters"]
[Site "Hastings"]
[Date "2008.01.03"]
[Round "7.45"]
[White "Andersen, Daniel"]
[Black "Macrae, James"]
[Result "1-0"]
[WhiteElo "2013"]
[BlackElo "1766"]
[PlyCount "83"]
[EventDate "2007.12.28"]
[SourceDate "2007.12.28"]

1. c4 c5 2. g3 Nc6 3. Bg2 Nf6 4. Nc3 e6 5. Nf3 Be7 6. d4 cxd4 7. Nxd4 Nxd4 8.
Qxd4 O-O 9. O-O d6 10. Rd1 Qa5 11. Bd2 Qc5 12. Qd3 Bd7 13. b3 Bc6 14. e4 Ng4
15. Qe2 f5 16. b4 Qb6 17. exf5 exf5 18. Nd5 Bxd5 19. Bxd5+ Kh8 20. h3 Ne5 21.
Kh2 Bf6 22. Qe3 Qc7 23. Rac1 a6 24. Qb3 Rae8 25. Re1 Nc6 26. Be3 Qd7 27. Rcd1
Ne7 28. Bg2 Qc7 29. a4 b6 30. Qd3 Be5 31. f4 Bf6 32. Qxd6 Rc8 33. Qxc7 Rxc7 34.
Bxb6 Rxc4 35. Bc5 Rxc5 36. bxc5 Rc8 37. Rb1 Rc7 38. Re6 Ra7 39. Rbb6 Kg8 40. c6
Nc8 41. Rb7 Ra8 42. c7 1-0

[Event "Hastings Masters"]
[Site "Hastings"]
[Date "2008.01.03"]
[Round "7.46"]
[White "O'Toole, George E"]
[Black "Kreiter, Thomas"]
[Result "1-0"]
[WhiteElo "1987"]
[BlackElo "1749"]
[PlyCount "91"]
[EventDate "2007.12.28"]
[SourceDate "2007.12.28"]

1. e4 e5 2. Nf3 Nf6 3. Nxe5 Nxe4 4. Qe2 Qe7 5. Qxe4 d6 6. d4 dxe5 7. Qxe5 Qxe5+
8. dxe5 Bf5 9. c3 Nd7 10. Bf4 O-O-O 11. Bc4 Nxe5 12. Bxe5 Re8 13. O-O Rxe5 14.
Nd2 f6 15. a4 Bd6 16. b4 Rhe8 17. a5 Be6 18. a6 b6 19. Bxe6+ R5xe6 20. Nf3 c5
21. b5 Kc7 22. Rae1 Rxe1 23. Rxe1 Rxe1+ 24. Nxe1 c4 25. Nc2 Bc5 26. Kf1 Kd6 27.
Ke2 Kd5 28. g3 h6 29. f3 f5 30. h4 g5 31. h5 g4 32. fxg4 fxg4 33. Kf1 Ke4 34.
Ke2 Kf5 35. Ne3+ Bxe3 36. Kxe3 Ke5 37. Kd2 Kf5 38. Ke3 Kg5 39. Kd4 Kxh5 40.
Kxc4 Kg5 41. Kd4 h5 42. Ke3 h4 43. gxh4+ Kxh4 44. Kf2 g3+ 45. Kg2 Kg4 46. c4
1-0

[Event "Hastings Masters"]
[Site "Hastings"]
[Date "2008.01.03"]
[Round "7.47"]
[White "Henrichsen, Jens"]
[Black "McClement, Andrew"]
[Result "0-1"]
[WhiteElo "1982"]
[BlackElo "1594"]
[PlyCount "46"]
[EventDate "2007.12.28"]
[SourceDate "2007.12.28"]

1. d4 Nf6 2. c4 e6 3. g3 d5 4. Bg2 Bb4+ 5. Bd2 Be7 6. Nf3 c6 7. Qc2 O-O 8. O-O
b6 9. b3 Ba6 10. Rd1 Nbd7 11. Bf4 Rc8 12. Nc3 c5 13. dxc5 Bxc5 14. Qb2 Qe7 15.
a4 dxc4 16. bxc4 Bxc4 17. Ne5 Nxe5 18. Bxe5 Ng4 19. Bxg7 Nxf2 20. Kf1 Nxd1 21.
Rxd1 Rfd8 22. Rc1 f6 23. Bh6 Ba3 0-1

[Event "Hastings Masters"]
[Site "Hastings"]
[Date "2008.01.03"]
[Round "7.48"]
[White "Rety, John"]
[Black "Milnes, Anthony CP"]
[Result "1/2-1/2"]
[WhiteElo "1970"]
[BlackElo "2126"]
[PlyCount "42"]
[EventDate "2007.12.28"]
[SourceDate "2007.12.28"]

1. d4 f5 2. Nc3 Nf6 3. Bg5 d5 4. Bxf6 exf6 5. e3 Be6 6. Bd3 Qd7 7. Qf3 Nc6 8.
Nge2 Ne7 9. O-O c6 10. Na4 Nc8 11. Ng3 g6 12. Qe2 Bg7 13. Nc5 Qf7 14. b3 Nd6
15. Nxe6 Qxe6 16. c4 O-O 17. cxd5 cxd5 18. Rac1 Rac8 19. Qd2 Rxc1 20. Rxc1 Rc8
21. Ne2 Rxc1+ 1/2-1/2

[Event "Hastings Masters"]
[Site "Hastings"]
[Date "2008.01.03"]
[Round "7.49"]
[White "Jain, Akash"]
[Black "Salimbeni, George"]
[Result "1/2-1/2"]
[WhiteElo "2000"]
[BlackElo "2058"]
[PlyCount "84"]
[EventDate "2007.12.28"]
[SourceDate "2007.12.28"]

1. e4 e5 2. Nf3 Nc6 3. Bb5 a6 4. Ba4 Nf6 5. O-O Be7 6. Bxc6 dxc6 7. Qe1 Nd7 8.
b3 f6 9. Bb2 Nc5 10. d4 exd4 11. Nxd4 O-O 12. Nd2 Bd6 13. Nc4 Re8 14. f3 Qe7
15. Kh1 Bd7 16. Qh4 Rad8 17. Rae1 Bc8 18. Rd1 Qf7 19. Nxd6 cxd6 20. Ba3 Re5 21.
g4 a5 22. Qf2 Qc7 23. Nf5 Bxf5 24. gxf5 Na6 25. Rg1 Kh8 26. Rd3 Nb4 27. Bxb4
axb4 28. Qd2 Ra5 29. Qxb4 Rxa2 30. c4 d5 31. Rg2 Ra1+ 32. Rg1 Ra2 33. Rg2 Ra1+
34. Rg1 Rxg1+ 35. Kxg1 dxe4 36. fxe4 h6 37. Qd2 Rxd3 38. Qxd3 Qf4 39. b4 Qg4+
40. Kf2 Qf4+ 41. Kg2 Qg4+ 42. Kf2 Qf4+ 1/2-1/2

[Event "Hastings Masters"]
[Site "Hastings"]
[Date "2008.01.03"]
[Round "7.50"]
[White "Guo, Xi-Yang"]
[Black "Lenier, Jude"]
[Result "0-1"]
[WhiteElo "1853"]
[BlackElo "1819"]
[PlyCount "94"]
[EventDate "2007.12.28"]
[SourceDate "2007.12.28"]

1. e4 e5 2. Bc4 Nf6 3. d4 exd4 4. Nf3 Bc5 5. O-O d6 6. c3 dxc3 7. Nxc3 Nc6 8.
h3 Be6 9. Bxe6 fxe6 10. Qb3 Qd7 11. e5 dxe5 12. Rd1 Nd4 13. Qxb7 Qc6 14. Qxc6+
Nxc6 15. Nb5 Bb6 16. Re1 O-O 17. Be3 Bxe3 18. Rxe3 Nd5 19. Re2 Rab8 20. Nc3 Nf4
21. Rd2 Nxh3+ 22. Kh2 Nf4 23. Re1 Ng6 24. Ne4 Nd4 25. Nxd4 exd4 26. Nc5 Rf5 27.
Nxe6 c5 28. g4 Re5 29. Rde2 Rxe2 30. Rxe2 d3 31. Rd2 c4 32. Nd4 a5 33. Kg3 Rf8
34. Nc6 a4 35. a3 Nf4 36. Nd4 g5 37. f3 Rd8 38. Nb5 Ne2+ 39. Kf2 Rd5 40. Na7
Rc5 41. Rxe2 dxe2 42. Kxe2 Kf7 43. Kd2 Rd5+ 44. Kc2 Rd3 45. Nc6 Ke6 46. Na5 Kd5
47. b4 axb3+ 0-1

[Event "Hastings Masters"]
[Site "Hastings"]
[Date "2008.01.03"]
[Round "7.51"]
[White "Reuben, Stewart"]
[Black "Spanton, Timothy"]
[Result "0-1"]
[WhiteElo "2165"]
[BlackElo "1985"]
[PlyCount "100"]
[EventDate "2007.12.28"]
[SourceDate "2007.12.28"]

1. c4 c5 2. Nc3 g6 3. g3 Bg7 4. Bg2 Nc6 5. Nh3 d6 6. Nf4 e6 7. Rb1 Nge7 8. a3
b6 9. b4 Bb7 10. Bb2 O-O 11. Ne4 e5 12. Nd3 Qd7 13. bxc5 dxc5 14. O-O f5 15.
Nc3 Rad8 16. Nd5 Rfe8 17. Nxe7+ Rxe7 18. Bd5+ Kh8 19. Bc3 Qc7 20. Qb3 Nd4 21.
Bxd4 Bxd5 22. Ba1 Be4 23. Rfe1 Red7 24. Qb2 Bxd3 25. exd3 Rxd3 26. Rbd1 e4 27.
Qa2 Bxa1 28. Qxa1+ Qg7 29. Qc1 R8d4 30. Re3 Qf7 31. Rxd3 Rxd3 32. Qc2 Qd7 33.
Kg2 Qd4 34. Qa4 Qd7 35. Qxd7 Rxd7 36. f3 e3 37. Kf1 exd2 38. Ke2 Kg7 39. Rxd2
Rxd2+ 40. Kxd2 Kf6 41. Ke3 a6 42. a4 g5 43. f4 g4 44. Kd3 Ke6 45. Kc3 Kd6 46.
Kb3 Kc6 47. Kc3 b5 48. axb5+ axb5 49. Kb3 bxc4+ 50. Kxc4 Kd6 0-1

[Event "Hastings Masters"]
[Site "Hastings"]
[Date "2008.01.04"]
[Round "8.1"]
[White "Williams, Simon Kim"]
[Black "Malakhatko, Vadim"]
[Result "1/2-1/2"]
[WhiteElo "2475"]
[BlackElo "2596"]
[PlyCount "23"]
[EventDate "2007.12.28"]
[SourceDate "2007.12.28"]

1. d4 d5 2. c4 c6 3. Nc3 Nf6 4. Nf3 a6 5. a4 e6 6. Bg5 Be7 7. e3 a5 8. Be2 Na6
9. O-O Nb4 10. h3 b6 11. Na2 Nxa2 12. Rxa2 1/2-1/2

[Event "Hastings Masters"]
[Site "Hastings, England"]
[Date "2008.01.04"]
[Round "8.2"]
[White "Hebden, Mark"]
[Black "Mamedov, Nidjat"]
[Result "0-1"]
[WhiteElo "2530"]
[BlackElo "2574"]
[PlyCount "118"]
[EventDate "2008.??.??"]
[SourceDate "2007.12.28"]

1. d4 Nf6 2. Nf3 e6 3. c3 b6 4. Bg5 Bb7 5. Nbd2 Be7 6. e3 h6 7. Bh4 O-O 8. Bd3
c5 9. Qe2 Nc6 10. a3 Rc8 11. h3 cxd4 12. cxd4 d6 13. O-O Nh5 14. Bxe7 Qxe7 15.
Rac1 Rc7 16. Rc3 Nf6 17. e4 Rfc8 18. Rd1 Qd8 19. Qe3 Ne7 20. Nb1 a6 21. Rxc7
Qxc7 22. Nc3 b5 23. Re1 Nd7 24. Ne2 Qb6 25. Ng3 b4 26. a4 e5 27. Ra1 a5 28. Bb5
Bc6 29. Bc4 exd4 30. Nxd4 Ne5 31. Bb3 Bd7 32. Rd1 Qc5 33. Nge2 Be8 34. Qg3 N5g6
35. Nf5 Nxf5 36. exf5 Qxf5 37. Qxd6 Kh7 38. Qa6 Rc6 39. Qa8 Rc8 40. Qa7 Qe5 41.
Ng3 Qxb2 42. Bxf7 Bxf7 43. Qxf7 Rc1 44. Rxc1 Qxc1+ 45. Kh2 Qf4 46. Qa7 b3 47.
Qb7 Qc4 48. Nh5 Qc3 49. f4 b2 50. Qe4 Qc5 51. Ng3 Qb4 52. Qb1 Kh8 53. f5 Nh4
54. f6 gxf6 55. Qf1 b1=Q 56. Qxf6+ Kg8 57. Qe6+ Kf8 58. Qc8+ Kf7 59. Qc7+ Qe7
0-1

[Event "Hastings Masters"]
[Site "Hastings"]
[Date "2008.01.04"]
[Round "8.3"]
[White "Chatalbashev, Boris"]
[Black "Satyapragyan, Swayangsu"]
[Result "1-0"]
[WhiteElo "2581"]
[BlackElo "2404"]
[PlyCount "67"]
[EventDate "2007.12.28"]
[SourceDate "2007.12.28"]

1. d4 Nf6 2. c4 e6 3. Nf3 c5 4. d5 exd5 5. cxd5 d6 6. Nc3 g6 7. h3 Bg7 8. e4
O-O 9. Bd3 Bd7 10. O-O b5 11. Re1 c4 12. Bc2 Re8 13. a3 Na6 14. Bf4 Qb6 15. e5
dxe5 16. Nxe5 Nc5 17. Qf3 a5 18. d6 Be6 19. Rad1 b4 20. Na4 Qb5 21. Nxc5 Qxc5
22. Ba4 Rf8 23. Bg5 Ng4 24. hxg4 Bxe5 25. Bc6 Ra6 26. Rxe5 Qxe5 27. Bf6 Qxf6
28. Qxf6 Rxc6 29. axb4 axb4 30. Qe7 Rcc8 31. d7 Rcd8 32. Qxb4 Bxg4 33. Rd4 Bxd7
34. Qd2 1-0

[Event "Hastings Masters"]
[Site "Hastings"]
[Date "2008.01.04"]
[Round "8.7"]
[White "Pavlovic, Milos"]
[Black "Sengupta, Deep"]
[Result "1-0"]
[WhiteElo "2536"]
[BlackElo "2447"]
[PlyCount "43"]
[EventDate "2007.12.28"]
[SourceDate "2007.12.28"]

1. d4 e6 2. Nf3 d5 3. c4 c6 4. g3 dxc4 5. Bg2 b5 6. O-O Bb7 7. a4 a6 8. Nc3 Nf6
9. Bg5 Nbd7 10. Ne5 Qb6 11. Be3 Nd5 12. Nxd7 Kxd7 13. Bd2 b4 14. a5 Qxd4 15.
Na4 f5 16. e3 Qd3 17. Qe1 Bd6 18. e4 fxe4 19. Bxe4 Qd4 20. Rd1 Rab8 21. Bf4 Qa7
22. Nb6+ 1-0

[Event "Hastings Masters"]
[Site "Hastings"]
[Date "2008.01.04"]
[Round "8.8"]
[White "Bogner, Sebastian"]
[Black "Georgiev, Vladimir"]
[Result "1/2-1/2"]
[WhiteElo "2383"]
[BlackElo "2576"]
[PlyCount "93"]
[EventDate "2007.12.28"]
[SourceDate "2007.12.28"]

1. Nf3 d5 2. d4 Nf6 3. c4 e6 4. Nc3 c6 5. cxd5 exd5 6. Bf4 Bf5 7. e3 Bd6 8.
Bxd6 Qxd6 9. Bd3 Bxd3 10. Qxd3 Nbd7 11. O-O O-O 12. h3 Rfe8 13. Nd2 Nf8 14.
Rab1 a5 15. Na4 N6d7 16. Rbc1 Ne6 17. Rc2 Ng5 18. Qf5 h6 19. Nb3 Nf8 20. Nac5
Re7 21. Nd2 g6 22. Qd3 b6 23. Na4 b5 24. Nc5 Rae8 25. Qa3 Nxh3+ 26. gxh3 b4 27.
Qd3 Rxe3 28. fxe3 Qg3+ 29. Kh1 Qxh3+ 30. Kg1 Rxe3 31. Nf3 Rxd3 32. Nxd3 Ne6 33.
Rg2 Nxd4 34. Nfe5 Nf5 35. Rf3 Qh5 36. Nf4 Qh4 37. Nfxg6 fxg6 {(=)} 38. Nxg6
Qd4+ 39. Kh2 Kf7 40. Rxf5+ Ke6 41. Rh5 Kd6 42. Rxh6 Kc5 43. Rh4 Qf6 44. Rf4 Qe6
45. Kg1 Kb5 46. Nh4 Qe3+ 47. Rgf2 1/2-1/2

[Event "Hastings Masters"]
[Site "Hastings"]
[Date "2008.01.04"]
[Round "8.9"]
[White "Neverov, Valeriy"]
[Black "Rendle, Thomas"]
[Result "1-0"]
[WhiteElo "2558"]
[BlackElo "2397"]
[PlyCount "83"]
[EventDate "2007.12.28"]
[SourceDate "2007.12.28"]

1. d4 f5 2. Nf3 Nf6 3. g3 g6 4. b3 Bg7 5. Bb2 O-O 6. Bg2 c6 7. O-O d5 8. Nbd2
Kh8 9. Ne5 Be6 10. e3 Nbd7 11. Nd3 a5 12. a4 Bg8 13. c4 Ne4 14. Rc1 Qb6 15. Nf3
Qa6 16. Qc2 Rac8 17. Rfd1 b6 18. Nfe5 Nxe5 19. Nxe5 Be6 20. f3 Ng5 21. Nd3 Nf7
22. Nf4 Bd7 23. e4 fxe4 24. fxe4 Bg4 25. exd5 cxd5 26. Re1 dxc4 27. bxc4 Nd6
28. Bd5 Rc7 29. Qb3 Ne8 30. Be6 Bf5 31. Bxf5 Rxf5 32. Ne6 Rd7 33. Nxg7 Kxg7 34.
d5+ Nf6 35. Re6 Rb7 36. Rce1 Kf7 37. d6 exd6 38. Qc3 Re5 39. R6xe5 dxe5 40.
Qxe5 b5 41. cxb5 Qb6+ 42. Bd4 1-0

[Event "Hastings Masters"]
[Site "Hastings"]
[Date "2008.01.04"]
[Round "8.10"]
[White "Tahirov, Farhad"]
[Black "Collins, Sam"]
[Result "0-1"]
[WhiteElo "2540"]
[BlackElo "2401"]
[PlyCount "76"]
[EventDate "2007.12.28"]
[SourceDate "2007.12.28"]

1. Nf3 Nf6 2. c4 c6 3. e3 d5 4. Qc2 Bg4 5. Ne5 Be6 6. b3 g6 7. Bb2 Bg7 8. Be2
Nbd7 9. O-O O-O 10. d3 Qc7 11. Nxd7 Qxd7 12. Nd2 Bg4 13. f3 Be6 14. b4 Rfd8 15.
Rfd1 Bh6 16. Bd4 Bf5 17. g4 Be6 18. h3 Qd6 19. f4 Nd7 20. c5 Qc7 21. Rf1 f6 22.
Kh1 Bf7 23. Rf3 e5 24. fxe5 fxe5 25. Bb2 Rf8 26. h4 a5 27. a3 Be6 28. g5 Bg7
29. e4 axb4 30. axb4 Rxa1+ 31. Bxa1 Ra8 32. Rf1 Bh3 33. Rg1 Nf8 34. Qb3 Qf7 35.
Nf3 d4 36. Qb1 Qf4 37. Qc1 Ne6 38. Bd1 Qxc1 0-1

[Event "Hastings Masters"]
[Site "Hastings"]
[Date "2008.01.04"]
[Round "8.11"]
[White "Haslinger, Stewart"]
[Black "Marusenko, Petr"]
[Result "1-0"]
[WhiteElo "2502"]
[BlackElo "2304"]
[PlyCount "33"]
[EventDate "2007.12.28"]
[SourceDate "2007.12.28"]

1. e4 c6 2. d4 d5 3. e5 c5 4. c4 e6 5. cxd5 exd5 6. Nc3 Nc6 7. Bb5 a6 8. Bxc6+
bxc6 9. Nge2 Nh6 10. Bxh6 gxh6 11. O-O cxd4 12. Nxd4 Qc7 13. Rc1 Be6 14. Qh5
Kd7 15. Na4 Rg8 16. Rxc6 Qa7 17. Rxe6 1-0

[Event "Hastings Masters"]
[Site "Hastings"]
[Date "2008.01.04"]
[Round "8.12"]
[White "Lalic, Bogdan"]
[Black "Bates, Richard"]
[Result "1-0"]
[WhiteElo "2500"]
[BlackElo "2378"]
[PlyCount "47"]
[EventDate "2007.12.28"]
[SourceDate "2007.12.28"]

1. d4 Nf6 2. c4 g6 3. Nc3 Bg7 4. e4 d6 5. Nf3 O-O 6. Be2 Na6 7. O-O e5 8. Be3
Ng4 9. Bg5 Qe8 10. Re1 exd4 11. Nd5 f6 12. Bf4 c6 13. Bxd6 cxd5 14. exd5 Qd8
15. c5 f5 16. Bxa6 bxa6 17. Bxf8 Bxf8 18. d6 Qf6 19. h3 Nh6 20. Qxd4 Qxd4 21.
Nxd4 Kf7 22. Rad1 Kf6 23. Re8 Bb7 24. d7 1-0

[Event "Hastings Masters"]
[Site "Hastings"]
[Date "2008.01.04"]
[Round "8.14"]
[White "Roy Chowdhury, Saptarshi"]
[Black "Sugden, John N"]
[Result "1-0"]
[WhiteElo "2418"]
[BlackElo "2116"]
[PlyCount "127"]
[EventDate "2007.12.28"]
[SourceDate "2007.12.28"]

1. e4 c5 2. Nf3 e6 3. d4 cxd4 4. Nxd4 a6 5. Bd3 b5 6. O-O Bb7 7. a4 b4 8. Nd2
Nf6 9. Qe2 Be7 10. a5 Qc7 11. Nc4 Nc6 12. Nb3 Ne5 13. Nb6 Ra7 14. f4 Nxd3 15.
cxd3 Bc6 16. Be3 O-O 17. Nd4 Bc5 18. Rac1 Bxd4 19. Bxd4 Rb7 20. Be5 Qd8 21. Bd6
Re8 22. Qe3 b3 23. Rc3 Ng4 24. Qg3 Nh6 25. Qe3 Ng4 26. Qe2 f5 27. e5 Rxb6 28.
axb6 Qxb6+ 29. Bc5 Qb5 30. h3 Nh6 31. Qf2 a5 32. Rfc1 Kh8 33. Ba3 a4 34. Rc4
Rg8 35. Qd4 Qb7 36. Rxc6 dxc6 37. Qd6 Qa7+ 38. Rc5 Re8 39. Qxc6 Qf7 40. Qxa4
Rb8 41. Rc1 Qh5 42. Qa7 Rg8 43. Qe3 Qf7 44. Bd6 Qb7 45. Rc7 Qd5 46. Kh2 Qa5 47.
Ra7 Qb5 48. Re7 Qd5 49. Rc7 Qa8 50. d4 Qd5 51. Rc5 Qb7 52. Rc3 Rc8 53. Rxb3 Qa7
54. Bc5 Qa4 55. Rb7 Qa6 56. Ra7 Qc6 57. b4 Rg8 58. Qf3 Qb5 59. Qh5 Qf1 60. Qf3
Qb5 61. Qg3 Qb8 62. Qg5 Qe8 63. b5 Qxb5 64. Bf8 1-0

[Event "Hastings Masters"]
[Site "Hastings"]
[Date "2008.01.04"]
[Round "8.15"]
[White "Eames, Robert"]
[Black "Houska, Jovanka"]
[Result "1-0"]
[WhiteElo "2304"]
[BlackElo "2404"]
[PlyCount "55"]
[EventDate "2007.12.28"]
[SourceDate "2007.12.28"]

1. d4 Nf6 2. c4 c5 3. d5 b5 4. cxb5 a6 5. Nc3 axb5 6. e4 b4 7. Nb5 d6 8. Bc4
Nbd7 9. Nf3 Nb6 10. Bd3 g6 11. b3 Bg7 12. Bb2 O-O 13. O-O Bb7 14. a4 bxa3 15.
Nxa3 Ba6 16. Nc4 Bxc4 17. bxc4 Qd7 18. Rb1 Rab8 19. e5 Ne8 20. e6 fxe6 21. dxe6
Qa4 22. Qe2 Qa2 23. Ng5 Na4 24. Nxh7 Nxb2 25. Bxg6 Nf6 26. Nxf6+ exf6 27. e7
Qxc4 28. Qh5 1-0

[Event "Hastings Masters"]
[Site "Hastings"]
[Date "2008.01.04"]
[Round "8.18"]
[White "Heinis, Vincent"]
[Black "Islam, Kh Aminul"]
[Result "1/2-1/2"]
[WhiteElo "2202"]
[BlackElo "2390"]
[PlyCount "54"]
[EventDate "2007.12.28"]
[SourceDate "2007.12.28"]

1. d4 d5 2. c4 c6 3. Nf3 Nf6 4. Nc3 dxc4 5. a4 Bf5 6. e3 e6 7. Bxc4 Bb4 8. O-O
O-O 9. Qe2 Bg6 10. Ne5 Nbd7 11. Nxg6 hxg6 12. Qc2 Qa5 13. Rd1 Rac8 14. Bd2 Nb6
15. Be2 c5 16. dxc5 Rxc5 17. Qb3 Rfc8 18. Be1 Nbd5 19. Nxd5 Nxd5 20. Rxd5 {(=)}
Bxe1 21. Rxc5 Rxc5 22. Qd1 Bd2 23. g3 Qb4 24. Kg2 b6 25. b3 Rd5 26. Bc4 Rd6 27.
Qf3 Rd7 1/2-1/2

[Event "Hastings Masters"]
[Site "Hastings"]
[Date "2008.01.04"]
[Round "8.19"]
[White "Dinger, Florian"]
[Black "Mansson, James"]
[Result "1-0"]
[WhiteElo "2378"]
[BlackElo "2161"]
[PlyCount "119"]
[EventDate "2007.12.28"]
[SourceDate "2007.12.28"]

1. e4 e5 2. Nf3 Nc6 3. Bb5 a6 4. Bxc6 dxc6 5. O-O f6 6. d4 Bg4 7. c3 Bd6 8. Be3
Ne7 9. h3 Bh5 10. dxe5 fxe5 11. c4 c5 12. b4 b6 13. bxc5 bxc5 14. Qa4+ Qd7 15.
Qxd7+ Kxd7 16. Nbd2 Nc6 17. g4 Bg6 18. Ne1 Nd4 19. Bxd4 cxd4 20. Nd3 c5 21.
Rab1 Rab8 22. Rb3 Rhf8 23. Ra3 Rb6 24. Ra5 Rc8 25. f3 Bf7 26. Rc1 Rc7 27. Kf2
Kc8 28. Ke2 Kb7 29. h4 Ka7 30. h5 Rbc6 31. Rb1 Rb6 32. Rb3 Rxb3 33. axb3 Kb6
34. Ra1 a5 35. Kf2 Be8 36. f4 Rf7 37. f5 Bc6 38. g5 Rf8 39. Ke2 Be8 40. Rh1 h6
41. g6 Bc6 42. Ra1 Bc7 43. Nf2 Bd8 44. Nf3 Bxe4 45. Nxe4 Rxf5 46. Rh1 Rf4 47.
Nfd2 Kc6 48. Rf1 Rh4 49. Rf5 Rh2+ 50. Kd3 Rh3+ 51. Kc2 Bg5 52. Nxg5 Rxh5 53.
Rxe5 hxg5 54. Ne4 Rh2+ 55. Kd1 Rh1+ 56. Ke2 Rh2+ 57. Kf1 d3 58. Rxc5+ Kb6 59.
Rb5+ Ka6 60. Nc5+ 1-0

[Event "Hastings Masters"]
[Site "Hastings"]
[Date "2008.01.04"]
[Round "8.20"]
[White "Poobalasingam, Peter"]
[Black "Radovanovic, Jovica"]
[Result "1-0"]
[WhiteElo "2158"]
[BlackElo "2355"]
[PlyCount "55"]
[EventDate "2007.12.28"]
[SourceDate "2007.12.28"]

1. e4 e5 2. Nf3 Nc6 3. d4 exd4 4. Nxd4 Qh4 5. Nc3 Bb4 6. Be2 Nf6 7. O-O Bxc3 8.
Nf5 Qxe4 9. Bd3 Qg4 10. f3 Qa4 11. bxc3 O-O 12. Nxg7 Kxg7 13. Bh6+ Kg8 14. Qd2
Qh4 15. Bg5 Qh5 16. Bxf6 Re8 17. g4 Qc5+ 18. Kh1 Re6 19. Qh6 Rxf6 20. Qxf6 Qe5
21. Qh4 Qg7 22. Rae1 Kf8 23. Be4 f6 24. Qh5 Ne5 25. Bxh7 d5 26. Bf5 c6 27. Bxc8
Rxc8 28. Rxe5 1-0

[Event "Hastings Masters"]
[Site "Hastings"]
[Date "2008.01.04"]
[Round "8.21"]
[White "Goodger, Martyn"]
[Black "Rudd, Jack"]
[Result "1/2-1/2"]
[WhiteElo "2067"]
[BlackElo "2332"]
[PlyCount "78"]
[EventDate "2007.12.28"]
[SourceDate "2007.12.28"]

1. e4 c5 2. c3 Qa5 3. Nf3 Nf6 4. e5 Nd5 5. Na3 Nc6 6. g3 e6 7. Bg2 b5 8. O-O
Ba6 9. d3 c4 10. dxc4 Nxc3 11. bxc3 Bxa3 12. Nd4 Rc8 13. cxb5 Nxd4 14. Bxa3
Qxa3 15. cxd4 Bxb5 16. Re1 O-O 17. Re3 Rc3 18. Rxc3 Qxc3 19. Rc1 Qa3 20. Qd2 d5
21. Bf1 Bxf1 22. Kxf1 Rb8 23. Qc3 Qa6+ 24. Kg2 h6 25. a3 Qa4 26. Qc7 Rb2 27.
Rc3 Qxd4 28. Rf3 Kh7 29. Rxf7 Qe4+ 30. Kh3 Qg6 31. Kg2 d4 32. Qxa7 Qe4+ 33. Kh3
Qxe5 34. Qd7 Rb1 35. a4 Rg1 36. Rf4 Rd1 37. a5 Qxa5 38. Rxd4 Qf5+ 39. Kg2 Rxd4
1/2-1/2

[Event "Hastings Masters"]
[Site "Hastings"]
[Date "2008.01.04"]
[Round "8.22"]
[White "Lock, Gavin R"]
[Black "Knott, Simon JB"]
[Result "1/2-1/2"]
[WhiteElo "2215"]
[BlackElo "2366"]
[PlyCount "89"]
[EventDate "2007.12.28"]
[SourceDate "2007.12.28"]

1. Nf3 Nf6 2. c4 g6 3. Nc3 d5 4. cxd5 Nxd5 5. Qa4+ Nc6 6. Ne5 Ndb4 7. a3 Bg7 8.
axb4 Bxe5 9. b5 Nb8 10. e3 Bg7 11. d4 b6 12. Be2 Bb7 13. O-O O-O 14. Rd1 a6 15.
Qb3 axb5 16. Rxa8 Bxa8 17. Bxb5 e6 18. Qa4 Bb7 19. e4 c6 20. Be2 Nd7 21. Be3
Qc7 22. Qb3 Ra8 23. h3 Ra5 24. Rc1 Qb8 25. Bc4 Qa8 26. Bxe6 fxe6 27. Qxe6+ Kh8
28. Qxd7 Ra7 29. d5 cxd5 30. exd5 h5 31. Bxb6 Ra1 32. Rxa1 Qxa1+ 33. Kh2 Qxb2
34. Qxb7 Qxc3 35. Qc6 Qe5+ 36. g3 h4 37. Qe6 hxg3+ 38. fxg3 Qb2+ 39. Kh1 Qc1+
40. Kg2 Qd2+ 41. Kf3 Qd1+ 42. Kf4 Qd2+ 43. Kf3 Qd1+ 44. Kf4 Qd2+ 45. Kf3
1/2-1/2

[Event "Hastings Masters"]
[Site "Hastings"]
[Date "2008.01.04"]
[Round "8.23"]
[White "Zozulia, Anna"]
[Black "Foord, Dominic"]
[Result "1/2-1/2"]
[WhiteElo "2343"]
[BlackElo "2004"]
[PlyCount "118"]
[EventDate "2007.12.28"]
[SourceDate "2007.12.28"]

1. e4 e5 2. Nf3 Nc6 3. Bb5 a6 4. Ba4 d6 5. c3 Bd7 6. O-O Nge7 7. d4 g6 8. Be3
Bg7 9. Nbd2 O-O 10. h3 exd4 11. cxd4 d5 12. Re1 h6 13. Ne5 Nxe5 14. dxe5 d4 15.
Bf4 b5 16. Bc2 c5 17. Nf3 Nc6 18. Qd2 g5 19. Bg3 Be6 20. b3 Qc7 21. h4 g4 22.
Nh2 Nxe5 23. Bd1 h5 24. Qg5 f5 25. exf5 Rxf5 26. Qd2 Qd7 27. Bc2 d3 28. Bxe5
Bxe5 29. Qxd3 Qc7 30. Nf1 Bxa1 31. Rxe6 Raf8 32. Ng3 Rxf2 33. Rg6+ Bg7 34. Qd5+
Qf7 35. Rxg7+ Kxg7 36. Nxh5+ Qxh5 37. Qxh5 Rxc2 38. Qxg4+ Kh8 39. Qh5+ Kg7 40.
Qg5+ Kh8 41. h5 Rff2 42. Qh6+ Kg8 43. Qg6+ Kh8 44. Qe8+ Kh7 45. Qg6+ Kh8 46. a3
c4 47. bxc4 bxc4 48. Qe8+ Kh7 49. Qe7+ Kh6 50. Qe3+ Kxh5 51. Qxf2 Rxf2 52. Kxf2
Kg4 53. a4 c3 54. Ke2 Kg3 55. Kd3 Kxg2 56. Kxc3 Kf3 57. Kb4 Ke4 58. Ka5 Kd5 59.
Kxa6 Kc6 1/2-1/2

[Event "Hastings Masters"]
[Site "Hastings"]
[Date "2008.01.04"]
[Round "8.24"]
[White "Prosviriakov, Vladimir"]
[Black "Coates, David H"]
[Result "1-0"]
[WhiteElo "2319"]
[BlackElo "2029"]
[PlyCount "79"]
[EventDate "2007.12.28"]
[SourceDate "2007.12.28"]

1. d4 Nf6 2. Nf3 g6 3. c4 Bg7 4. g3 O-O 5. Bg2 d5 6. cxd5 Nxd5 7. O-O Nb6 8.
Nc3 Nc6 9. e3 Re8 10. Re1 e5 11. d5 Na5 12. e4 Nac4 13. b3 Nd6 14. a4 a5 15.
Bd2 Bd7 16. Rc1 c6 17. Bg5 f6 18. dxc6 Bxc6 19. Be3 Nbc8 20. Bc5 Qd7 21. Qc2
Qe6 22. Rcd1 Nf7 23. Nd5 Bxd5 24. exd5 Qd7 25. Nd2 Ncd6 26. Bb6 f5 27. Nc4 Rec8
28. Qa2 Ra6 29. Be3 Qd8 30. f4 e4 31. Bf1 Nxc4 32. bxc4 Bf8 33. c5 Raa8 34. d6
Bg7 35. Bc4 Qf8 36. Be6 Rd8 37. Qc4 Bf6 38. Rb1 Rab8 39. Rb6 Kg7 40. Reb1 1-0